000 00360nam a2200133Ia 4500
005 20251222153549.0
008 251222s9999||||xx |||||||||||||| ||spa||
082 _a340/I25/T.II
100 _aIbérico Castañeda, Luis Fernando
245 0 _aEl Código Civil a través de la Jurisprudencia Casatoria
250 _a1ra. ed.
264 _bLegales
942 _cLIB
999 _c30761
_d30761